[Event "Genova Province-ch"]
[Site "Genova"]
[Date "2015.02.12"]
[Round "5"]
[White "Cutaia, Loris"]
[Black "Noberasco, Mario"]
[Result "1/2-1/2"]
[WhiteElo "1511"]
[BlackElo "1684"]
[PlyCount "72"]
[EventDate "2015.01.15"]
[EventType "swiss"]
[EventRounds "6"]
[EventCountry "ITA"]
[SourceTitle "EXT 2017"]
[Source "ChessBase"]
[SourceDate "2016.10.25"]
[SourceVersion "1"]
[SourceVersionDate "2016.10.25"]
[SourceQuality "1"]

1. d4 d5 2. c4 e6 3. Nc3 Nf6 4. Bg5 Be7 5. Nf3 Nbd7 6. e3 c6 7. Bd3 dxc4 8. Bxc4 b5 9. Bd3 Bb7 10. 0-0 a6 11. a4 b4 12. Ne4 Nxe4 13. Bxe7 Nxf2 14. Bxd8 Nxd1 15. Rfxd1 Rxd8 16. a5 c5 17. Bc2 Ke7 18. Ng5 h6 19. Be4 Rb8 20. Bxb7 Rxb7 21. Ne4 c4 22. Rac1 Rc8 23. Nd2 c3 24. bxc3 Rxc3 25. Rxc3 bxc3 26. Nf3 Nf6 27. Kf2 Ne4+ 28. Ke2 Rb2+ 29. Kd3 f5 30. Ne1 Rd2+ 31. Kc4 Rb2 32. Rc1 Ra2 33. Kb4 Kd6 34. Rc2 Rb2+ 35. Ka3 Rxc2 36. Nxc2 Kd5 1/2-1/2